000 00662nmm a2200241 a 4500
003 AR-BaBNM
005 20251128203431.0
008 247119s1979 ||||||||||||||000 | spa||
040 _cAR-BaBNM
100 1 _aCuneo, Juan Carlos R.
245 1 0 _aEl presupuesto moderno y el estado empresario
260 _aBuenos Aires
_bMacchi
_c1979
300 1 _axiii, 76 p.
_bgráfs.
504 _aBibliografía p. 75-76
650 4 _aCONTABILIDAD NACIONAL
650 4 _aHACIENDA PUBLICA
650 4 _aADMINISTRACION FINANCIERA
650 4 _aADMINISTRACION PUBLICA
650 4 _aPRESUPUESTO NACIONAL
650 4 _aGASTO PUBLICO
942 _cBK
998 _cmariana
999 _c3375
_d3375